Culture Générale - Série 776 - Statistiques

Statistiques générales
  • Ce quiz a été pris 172 fois
  • Le résultat moyen est 5 sur 10
Statistiques - réponses
Question Réponse % Correct
Traditionnellement, à quel animal fait-on référence, après avoir fait une blague un 1er avril ? poisson
99%
A quel nom d'animal se rapporte l'adjectif arachnéen ? araignée
98%
A quel organe humain fait référence l'adjectif nasillard ? nez
95%
Quelle chanteuse est la mère de l'actrice Lou Doillon ? Jane Birkin
61%
Le compositeur italien Giacomo Puccini a écrit l'opéra "Manon... Lescaut
44%
Dans les années 80, quel chanteur interprétait "Puissance et gloire", chanson-générique de la série télévisée "Châteauvallon" ? Herbert Léonard
41%
Dans quelle série Patricia Arquette, alias Allison Dubois, met-elle ses dons de voyance au service de la justice ? Médium
32%
Film dramatique biographique français écrit et réalisé par Mathieu Amalric, sorti en 2017, et portant un prénom féminin Barbara
9%
Quelle fille de Nérée est l'épouse de Poséidon et la déesse de la Mer ? Amphitrite
7%
Quel animateur a présenté l'émission "H.I.P. H.O.P." dans les années 1980 ? Sidney
7%
Aucun quiz correspondant
Distribution des résultats
% des personnes avec chaque résultat
Percentile par nombre de réponses
Votre historique - résultats
Vous n’avez pas pris ce quiz